000 00633nam a2200169 i 4500
001 52321
003 ES-MaACL
005 20230906162549.0
007 t|
008 030827s1920 fr ||||1| fre d
100 1 _aChaveneau, Jules.
_938257
245 1 0 _aComment payer les impôts nouveaux :
_bce qu'ils sont, impôt sur le revenu, impôt sur les bénéfices de guerre, taxe sur le chiffre d'affaires, taxe de luxe, droits de timbres, etc, etc, etc /
_cJules Chaveneau,...
260 _aParis :
_bHachette,
_c1920 (
_fLahure)
300 _a188 p. ;
_c19 cm.
650 4 _aImpuestos-
_zFrancia.
_9161762
852 _aES-MaACL
_jF-3301
999 _c52321
_d52321